书目信息 |
| 书名: | Intermediate algebra, with applications | |
| 作者: | Richard N. Aufmann, Vernon C. Barker, Joanne S. Lockwood. | |
| 分册号: | ||
| 分册名: | 出版地: | Boston : |
|
| 出版社: | Houghton Mifflin Co | |
| 出版时间: | c1992. | |
| 页数: | 1 v. (various pagings) : | |
| 开本: | 24 cm. | |
| 丛书名: | ||
| 中图分类号: | ||
| 科图分类号: | ||
| 其他分类号: | G633.62 | |
| 主题词: | ||
| 电子资源: | ||
| 000 | 01023nam a2200313 a 450 | |
| 001 | E0740414262 | |
| 005 | 20070429111556.37 | |
| 008 | 910404s1992 maua 001 0 eng | |
| 010 | @a91072001 | |
| 020 | @a0395588898 (text). | |
| 035 | @A(DLC) 91072001 | |
| 040 | @aDLC@cDLC | |
| 050 | 00 | @aQA154.2@b.A93 1992 |
| 082 | 00 | @a512/.9@2 20 |
| 090 | @aG633.62 | |
| 099 | @dG633.62@ex29=3 | |
| 100 | 1 | @aAufmann, Richard N. |
| 245 | 10 | @aIntermediate algebra, with applications / @cRichard N. Aufmann, Vernon C. Barker, Joanne S. Lockwood. |
| 250 | @a3rd ed. | |
| 260 | @aBoston :@bHoughton Mifflin Co.,@cc1992. | |
| 300 | @a1 v. (various pagings) :@bill. (some col.) ;@c24 cm. | |
| 500 | @aIncludes index. | |
| 650 | 0 | @aAlgebra. |
| 700 | 1 | @aBarker, Vernon C. |
| 700 | 1 | @aLockwood, Joanne S. |
| 906 | @a7@bcbc@corignew@d3@eopcn@f19@gy-gencatlg | |
| 922 | @aadco | |
| 955 | @aba24 to ARR. 11-26-91; to fg04 12-02-91; fp25 01-29-92 | |
| 991 | @bc-GenColl@hQA154.2@i.A93 1992@p00037631772@tCopy 1@wBOOKS | |
| Intermediate algebra, with applications / / Richard N. Aufmann, Vernon C. Barker, Joanne S. Lockwood.-3rd ed.-Boston : : Houghton Mifflin Co., , c1992. |
| 1 v. (various pagings) : : ill. (some col.) ; ; 24 cm. |
| Includes index. |
| ISBN 0395588898 (text). |
| ● |
| 相关链接 |
|
|
|
|
正题名:Intermediate algebra, with applications
索取号:G633.62/x29=3
 
预约/预借
| 序号 | 登录号 | 条形码 | 馆藏地/架位号 | 状态 | 备注 |
| 1 | 6140 | 300061402 | 第二样本阅览室/ [索取号:G633.62/x29=3] | 在馆 | |
| 2 | 6141 | 300061411 | 第四借阅区/ [索取号:G633.62/x29=3] | 在馆 | |
| 3 | 6142 | 300061420 | 第四借阅区/ [索取号:G633.62/x29=3] | 在馆 |